<?xml version="1.0" encoding="UTF-8"?>
<record
    xmlns:xsi="http://www.w3.org/2001/XMLSchema-instance"
    xsi:schemaLocation="http://www.loc.gov/MARC21/slim http://www.loc.gov/standards/marcxml/schema/MARC21slim.xsd"
    xmlns="http://www.loc.gov/MARC21/slim">

  <leader>00548cam a2200205Ka 4500</leader>
  <controlfield tag="001">8221413</controlfield>
  <controlfield tag="003">BD-DhUL</controlfield>
  <controlfield tag="005">20160121101538.0</controlfield>
  <controlfield tag="008">101117s1953    lona          o01 0 eng d</controlfield>
  <datafield tag="040" ind1=" " ind2=" ">
    <subfield code="a">BD-DhUL</subfield>
    <subfield code="c">BD-DhUL</subfield>
    <subfield code="d">BD-DhUL</subfield>
  </datafield>
  <datafield tag="082" ind1=" " ind2=" ">
    <subfield code="a">615.11</subfield>
    <subfield code="b">PHA</subfield>
  </datafield>
  <datafield tag="245" ind1="1" ind2="0">
    <subfield code="a">Pharmaceutical formulas /</subfield>
  </datafield>
  <datafield tag="250" ind1=" " ind2=" ">
    <subfield code="a">12th ed., revised and extended</subfield>
  </datafield>
  <datafield tag="260" ind1=" " ind2=" ">
    <subfield code="a">London :</subfield>
    <subfield code="b">The chemist and druggist,</subfield>
    <subfield code="c">1953.</subfield>
  </datafield>
  <datafield tag="300" ind1=" " ind2=" ">
    <subfield code="a">xvi, 1062 p. ;</subfield>
    <subfield code="c">19 cm.</subfield>
  </datafield>
  <datafield tag="365" ind1=" " ind2=" ">
    <subfield code="a">GBP</subfield>
    <subfield code="b">30.00</subfield>
  </datafield>
  <datafield tag="500" ind1=" " ind2=" ">
    <subfield code="a">Includes index.</subfield>
  </datafield>
  <datafield tag="650" ind1=" " ind2=" ">
    <subfield code="a">Pharmacology.</subfield>
  </datafield>
  <datafield tag="942" ind1=" " ind2=" ">
    <subfield code="2">ddc</subfield>
    <subfield code="c">REF</subfield>
  </datafield>
  <datafield tag="999" ind1=" " ind2=" ">
    <subfield code="c">45710</subfield>
    <subfield code="d">45710</subfield>
  </datafield>
  <datafield tag="952" ind1=" " ind2=" ">
    <subfield code="0">0</subfield>
    <subfield code="1">0</subfield>
    <subfield code="2">ddc</subfield>
    <subfield code="4">0</subfield>
    <subfield code="6">615_110000000000000_PHA</subfield>
    <subfield code="7">1</subfield>
    <subfield code="8">REF</subfield>
    <subfield code="9">75311</subfield>
    <subfield code="a">DUSL</subfield>
    <subfield code="b">DUSL</subfield>
    <subfield code="c">REF</subfield>
    <subfield code="d">1971-02-15</subfield>
    <subfield code="e">Purchased</subfield>
    <subfield code="o">615.11 PHA</subfield>
    <subfield code="p">A73711</subfield>
    <subfield code="r">2016-01-21</subfield>
    <subfield code="t">v. 1</subfield>
    <subfield code="w">2016-01-21</subfield>
    <subfield code="y">REF</subfield>
  </datafield>
</record>
